00697 a2200193 4500020001000000035001300010037004300023082000600066090001500072100002600087245006200113260003900175270008800214300002300302490002600325942002100351999001500372952011600387 c75.00 aB-211086 bRP-PV-4 / PANSY-07-08:5 / RP-07-08:ENG14aN c4013d40131 aGardner, Erle Stanley1 aThe case of the grinning gorillacby Erle Stanley Gardner aBangalorebMaster Mind Booksc2006 aNo. 25, Vasan Towers, Dr. TCM Royan Raode560053k080-26705679mvasanbks@bgl.net.in a271 pc18 cm (pbk) aA perry mason mystery adplcENkN / GAR c3932d3932 00102ddc407-18FICaZLSbZLSg75.00l0oN GARpB-211086r2008-09-15 00:00:00t1u4176v75.00w2008-09-15yEN